日本の同名駅全部当てる! - Statistics

General Stats
  • This quiz has been taken 101 times
  • The average score is 34 of 344
Answer Stats
Hint Answer % Correct
愛知 愛媛 鹿児島 千葉 長野 福井 広島 北海道 和歌山 市役所前
46%
愛媛 沖縄 高知 千葉 富山 兵庫 広島 県庁前
46%
大阪 福島 福島
43%
茨城 群馬 東京 長野 中野
38%
愛知 三重
35%
愛媛 福岡 松山
35%
岩手 大阪 岐阜 山田
34%
大阪 北海道
34%
神奈川 京都 福岡 和歌山 橋本
31%
愛知 群馬 兵庫 神戸
31%
愛知 岡山 兵庫
31%
石川 香川 東京 高松
31%
京都 埼玉 大宮
31%
大阪 熊本 東京 長崎 兵庫 住吉
29%
秋田 京都 東京 兵庫 大久保
29%
高知 千葉
29%
香川 群馬 太田
29%
大阪 東京 京橋
29%
東京 兵庫 三田
29%
愛知 山口 山口
28%
群馬 広島 横川
28%
香川 神奈川 新潟 福岡 長崎 奈良 和歌山 高田
25%
香川 千葉 富山 広島 北海道 長崎 大町
25%
京都 福岡 小倉
25%
大阪 東京 日本橋
25%
愛知 千葉 東京 北海道 栄町
24%
愛知 静岡 福岡 八幡
24%
鹿児島 東京 春日
24%
滋賀 広島 草津
24%
大阪 京都 九条
24%
福島 奈良 郡山
24%
神奈川 高知 中山
24%
茨城 神奈川 大和
24%
大阪 滋賀 兵庫 柏原
22%
香川 京都 新潟 三条
22%
滋賀 富山 長野 大学前
22%
愛知 福岡 金山
22%
大分 大阪 中津
22%
岡山 福井 福井
22%
群馬 東京 福岡 山梨 赤坂
21%
京都 東京 徳島 広島 府中
21%
千葉 兵庫 宮崎 小林
21%
愛知 香川 静岡
21%
愛媛 東京 大手町
21%
京都 奈良 五条
21%
神奈川 山形 中川
21%
愛知 京都 伏見
21%
大阪 熊本 北海道 池田
19%
愛知 大阪 静岡 清水
19%
鹿児島 東京 大山
19%
岡山 東京 田町
19%
大阪 兵庫 長田
19%
兵庫 北海道 元町
19%
大阪 新潟 吉田
19%
香川 栃木 兵庫 岡本
18%
千葉 北海道 奈良 学園前
18%
岩手 鹿児島 宮城 川内
18%
東京 広島 大塚
18%
静岡 東京 大森
18%
長崎 東京 神田
18%
京都 兵庫 木津
18%
熊本 群馬 新町
18%
兵庫 北海道 御影
18%
佐賀 兵庫 山本
18%
京都 滋賀 兵庫 長野 小野
16%
愛知 東京 長野 広島 本郷
16%
愛知 大阪 奈良 桜井
16%
熊本 北海道 宮城 白石
16%
大分 兵庫 福岡 別府
16%
愛知 香川 長崎 本山
16%
香川 鹿児島 国分
16%
京都 東京 十条
16%
大阪 兵庫 曽根
16%
千葉 北海道 千歳
16%
愛知 大阪 豊川
16%
大阪 福井 三国
16%
愛知 岩手 新潟 青山
15%
愛知 京都 山口 岩倉
15%
愛知 埼玉 奈良 三郷
15%
愛知 東京 広島 大門
15%
大阪 栃木 三重 富田
15%
愛知 東京 福岡 森下
15%
栃木 長崎 石橋
15%
熊本 東京 小川
15%
東京 福井 田原町
15%
愛知 東京 藤が丘
15%
東京 兵庫 山下
15%
秋田 滋賀 北海道 三重 追分
13%
東京 富山 広島 稲荷町
13%
富山 福島 三重 大泉
13%
京都 埼玉 福島 新田
13%
愛知 京都 北海道 山崎
13%
大阪 千葉 我孫子
13%
滋賀 和歌山 大谷
13%
大阪 埼玉 大和田
13%
埼玉 東京 小川町
13%
栃木 兵庫
13%
愛知 埼玉 戸田
13%
高知 長崎 長崎
13%
埼玉 千葉 永田
13%
香川 京都 花園
13%
千葉 三重 松尾
13%
愛知 香川 神奈川 長崎 兵庫 黒川
12%
愛知 大阪 福岡 今池
12%
石川 香川 東京 白山
12%
青森 神奈川 徳島 中田
12%
岐阜 兵庫 相生
12%
愛知 高知 朝倉
12%
神奈川 兵庫 大倉山
12%
岐阜 東京 大島
12%
長崎 福岡 大橋
12%
長崎 兵庫 大村
12%
兵庫 三重 亀山
12%
大阪 滋賀 桜川
12%
熊本 滋賀 瀬田
12%
大阪 福岡 豊津
12%
愛知 大阪 星ヶ丘
12%
大阪 宮崎 南方
12%
愛知 愛媛 群馬 北海道 新川
10%
岡山 千葉 広島 大原
10%
京都 新潟 三重 加茂
10%
京都 栃木 宮城 北山
10%
愛知 大阪 香川 昭和町
10%
茨城 愛媛 島根 高浜
10%
大阪 兵庫 福島 平野
10%
京都 北海道 桂川
10%
兵庫 福島 草野
10%
大阪 長崎 大正
10%
岐阜 東京 高尾
10%
京都 兵庫 竹田
10%
京都 富山 寺田
10%
愛知 広島 中島
10%
茨城 大阪 万博記念公園
10%
神奈川 京都 日吉
10%
兵庫 福島 広野
10%
愛知 富山 丸の内
10%
千葉 新潟 村上
10%
愛知 熊本 兵庫 国府
9%
鳥取 富山 三重
9%
新潟 兵庫 新井
9%
岐阜 熊本 荒尾
9%
群馬 千葉 井野
9%
大分 兵庫 今津
9%
千葉 鳥取 浦安
9%
愛媛 香川 岡田
9%
静岡 東京 菊川
9%
大阪 北海道 北浜
9%
愛知 奈良 黒田
9%
長崎 長野 桜町
9%
香川 三重 三本松
9%
大分 大阪 庄内
9%
神奈川 山梨 十日市場
9%
愛知 千葉 長浦
9%
大阪 東京 長原
9%
静岡 福岡 原田
9%
愛媛 東京 平井
9%
東京 長崎 松原
9%
愛知 岐阜 福岡 赤池
7%
愛知 高知 滋賀 篠原
7%
愛知 愛媛 広島 土橋
7%
大阪 兵庫 広島 古市
7%
兵庫 宮城 荒井
7%
京都 埼玉 石原
7%
京都 福岡 石田
7%
大阪 神奈川 扇町
7%
岡山 鳥取 小田
7%
大阪 山口 川西
7%
京都 宮城 河原町
7%
大阪 群馬 上牧
7%
大阪 山口 下松
7%
愛知 宮城 国際センター
7%
愛知 栃木 こどもの国
7%
京都 兵庫 木幡
7%
熊本 滋賀 坂本
7%
静岡 千葉 桜木
7%
静岡 山口 島田
7%
東京 富山 新富町
7%
岩手 大阪 玉川
7%
千葉 北海道 富浦
7%
静岡 兵庫 豊岡
7%
大阪 香川 長尾
7%
東京 千葉 平和台
7%
愛知 東京 若林
7%
神奈川 東京 富山 北海道 末広町
6%
岩手 高知 滋賀 長野 平田
6%
愛知 東京 広島 牛田
6%
愛知 秋田 鹿児島 白沢
6%
愛知 埼玉 北海道 日進
6%
東京 兵庫 北海道 緑が丘
6%
兵庫 福岡 市場
6%
大阪 新潟 今川
6%
群馬 宮崎 運動公園
6%
愛知 千葉 榎戸
6%
愛知 京都 大江
6%
京都 宮城 大河原
6%
奈良 兵庫 霞ヶ丘
6%
岐阜 宮崎 加納
6%
愛知 愛媛 観音寺
6%
秋田 佐賀 久保田
6%
愛知 島根 江南
6%
岡山 東京 高野
6%
長野 広島 西条
6%
静岡 富山 桜橋
6%
北海道 兵庫 高砂
6%
京都 東京 高津
6%
富山 三重 千里
6%
愛知 鳥取 名和
6%
福岡 新潟 西山
6%
神奈川 福島 根岸
6%
神奈川 兵庫 長谷
6%
東京 広島 八丁堀
6%
神奈川 鳥取 富士見町
6%
神奈川 三重 星川
6%
大分 京都
6%
京都 三重 松ヶ崎
6%
奈良 福岡 吉野
6%
岡山 京都 山口 常盤
4%
新潟 広島 山形 宮内
4%
静岡 長崎 愛野
4%
岡山 鳥取 上道
4%
千葉 宮城 愛宕
4%
石川 滋賀 粟津
4%
埼玉 福岡 一本松
4%
石川 広島 井口
4%
佐賀 兵庫 岩屋
4%
愛知 青森 運動公園前
4%
新潟 山形 大沢
4%
大阪 福岡 貝塚
4%
新潟 兵庫 黒井
4%
愛知 岡山 古見
4%
東京 福岡 桜台
4%
愛知 福井 山王
4%
京都 東京 東雲
4%
愛知 北海道 新川町
4%
大阪 東京 ときわ台
4%
岐阜 長野
4%
茨城 大阪 額田
4%
大阪 栃木 野崎
4%
愛知 福岡 萩原
4%
富山 三重 広小路
4%
岐阜 富山 福野
4%
京都 宮城 船岡
4%
千葉 福井 保田
4%
長野 山形 村山
4%
香川 千葉 元山
4%
岐阜 東京 八坂
4%
愛知 大阪 矢田
4%
石川 兵庫 横山
4%
京都 福岡 吉富
4%
岐阜 三重 六軒
4%
富山 宮城 宮崎 旭ヶ丘
3%
埼玉 兵庫 三重 丸山
3%
岩手 愛媛 長野 柳原
3%
滋賀 三重 穴太
3%
徳島 兵庫 新野
3%
秋田 群馬 新屋
3%
長野 東京 有明
3%
徳島 兵庫 石井
3%
石川 群馬 磯部
3%
奈良 東京 梅屋敷
3%
東京 福島 江田
3%
東京 北海道 落合
3%
三重 和歌山 加太
3%
香川 富山 片原町
3%
京都 千葉 祇園
3%
東京 福岡 北野
3%
大分 神奈川 北山田
3%
岡山 高知 球場前
3%
島根 宮城 黒松
3%
愛知 富山 競輪場前
3%
香川 和歌山 神前
3%
大阪 千葉 光風台
3%
熊本 福岡 呉服町
3%
埼玉 長野 桜沢
3%
兵庫 三重 塩屋
3%
岡山 長野 城下
3%
奈良 新潟 関屋
3%
秋田 京都 醍醐
3%
高知 広島 高須
3%
栃木 兵庫 多田
3%
富山 新潟 月岡
3%
青森 奈良 筒井
3%
静岡 東京 長沼
3%
徳島 広島 西原
3%
岐阜 長野 羽場
3%
神奈川 福井 番田
3%
愛知 滋賀 比良
3%
大阪 新潟 平林
3%
青森 福岡 藤崎
3%
群馬 静岡 細谷
3%
富山 福島 本宮
3%
鳥取 福岡 松崎
3%
新潟 北海道 三川
3%
岡山 山口 三谷
3%
滋賀 北海道 武佐
3%
愛知 群馬 本宿
3%
岐阜 宮城 柳津
3%
愛知 岩手 吉浜
3%
千葉 三重 穴川
1%
兵庫 北海道 生野
1%
愛知 岡山 井原
1%
神奈川 東京 入谷
1%
広島 福岡 梅林
1%
岡山 福岡 浦田
1%
佐賀 福島 川東
1%
愛知 熊本 川村
1%
高知 宮城 北浦
1%
佐賀 福岡 北方
1%
愛知 愛媛 喜多山
1%
長野 新潟 桐原
1%
高知 宮城 国見
1%
青森 熊本 黒石
1%
北海道 福岡 競馬場前
1%
群馬 富山 小泉町
1%
愛知 北海道 黄金
1%
鹿児島 広島 御領
1%
神奈川 福島 杉田
1%
香川 山形 高瀬
1%
滋賀 福岡 高宮
1%
高知 宮崎 田野
1%
京都 福岡 茶山
1%
群馬 山形 成島
1%
青森 群馬 新里
1%
愛知 茨城 羽黒
1%
新潟 北海道 姫川
1%
千葉 新潟 前川
1%
青森 福岡 三沢
1%
新潟 兵庫 妙法寺
1%
秋田 宮城 薬師堂
1%
高知 新潟 安田
1%
福島 山梨 梁川
1%
長野 宮城 横倉
1%
大阪 岐阜 石津
0%
福島 宮城 卸町
0%
広島 福井 観音町
0%
福井 和歌山 下兵庫
0%
岡山 埼玉 新郷
0%
長野 宮崎 高岩
0%
大阪 福島 滝谷
0%
神奈川 東京 千鳥町
0%
石川 三重 徳田
0%
大阪 福岡 船尾
0%
長崎 宮城 松山町
0%
東京 広島 向原
0%
No matching quizzes found
Score Distribution
Percent of People with Each Score
Percentile by Number Answered
Your Score History
You have not taken this quiz